مايكروسوفت أوفيس باوربوينت 2007 فورداميز / (رقم التسجيلة. 121761)

تفاصيل مارك
000 -الفاتح
عناصر البيانات ثابتة الطول 00791cam a2200217 i 4500
005 - تاريخ ووقت آخر معاملة
حقل ضبط 20251108174928.0
008 - عناصر البيانات ثابتة الطول
عناصر البيانات ثابتة الطول 250721s2008 ua a gr 000 0 ara d
020 ## - الترقيم الدولي المعياري للكتب (ردمك)
الترقيم الدولي المعياري للكتب (ردمك) 9774087569
041 1# - كود اللغة
كود اللغة لنص/مسار صوت أو عنوان منفصل ara
كود اللغة للأصل eng
082 14 - رقم تصنيف ديوي العشري
رقم التصنيف 005.3
رقم المادة ل و ي
100 1# - مدخل رئيسي – اسم شخصي
الاسم الشخصي لوي، دوج
علاقة الشخص بالعمل/ دوره lcgt.
245 10 - بيان العنوان
العنوان مايكروسوفت أوفيس باوربوينت 2007 فورداميز /
بيان المسؤولية تأليف : دوج لوي ؛ الترجمةو الاعداد : د/خالد العامري.
246 11 - الأشكال المختلفة للعنوان
العنوان الفعلي/العنوان المختصر MICROSOFT OFFICE POWERPOINT 2007 FOR DUMMIRES.
250 ## - بيان الطبعة
بيان الطبعة الطبعة الأولى.
264 1# - بيانات النشر، التوزيع…إلخ
مكان النشر، التوزيع...إلخ القاهرة :
اسم الناشر، الموزع...إلخ دار الفاروق،
تاريخ النشر، التوزيع...إلخ 2008.
300 ## - الوصف المادي
عدد الوحدات المكونة للوعاء 367 صفحة.
650 17 - مدخل إضافي بالموضوع - مصطلح موضوعي
مصطلح موضوعي أو اسم جغرافي كعنصر مدخل الحواسيب.
650 17 - مدخل إضافي بالموضوع - مصطلح موضوعي
مصطلح موضوعي أو اسم جغرافي كعنصر مدخل برامج الحواسيب.
942 ## - بيانات إضافية (كوها)
نوع التنصيف Dewey Decimal Classification
نوع المادة (كوها) كتب
المقتنيات
حالة السحب حالة الفقدان مصدر التصنيف حالة التلف غير قابل للإعارة المكتبة الرئيسية المكتبة الحالية موقع الرف تاريخ التزويد الرقم المتسلسل Total Checkouts رقم الإستدعاء الباركود تاريخ آخر ظهور تاريخ الفاتورة نوع المادة (كوها)
    Dewey Decimal Classification     المكتبة المركزية المكتبة المركزية الإعارة 28/07/2025 1456968   005.3 / ل و ي PLD00164433 28/07/2025 28/07/2025 كتب
Implemented & Customized by: BBB with SCIT (Smart Chains for Information Technology)

Powered by Koha